GETS Theological Seminary Library

困乏多情: (Record no. 26843)

MARC details
000 -LEADER
fixed length control field 00628nam a2200205Ia 4500
008 - FIXED-LENGTH DATA ELEMENTS--GENERAL INFORMATION
fixed length control field 200901s9999||||xx |||||||||||||| ||und||
020 ## - INTERNATIONAL STANDARD BOOK NUMBER
International Standard Book Number 962799720X
020 ## - INTERNATIONAL STANDARD BOOK NUMBER
International Standard Book Number 9789627997207
041 ## - LANGUAGE CODE
Language code of text/sound track or separate title chi
050 ## - LIBRARY OF CONGRESS CALL NUMBER
Classification number BR1288
Item number .L532 1997
100 ## - MAIN ENTRY--PERSONAL NAME
Personal name 梁家麟
245 #0 - TITLE STATEMENT
Title 困乏多情:
Remainder of title 中港教會評論集 (一) /
Statement of responsibility, etc. 梁家麟, 邢福增
260 ## - PUBLICATION, DISTRIBUTION, ETC.
Place of publication, distribution, etc. 香港 :
Name of publisher, distributor, etc. 建道神学院基督教与中国文化研究中心,
Date of publication, distribution, etc. 1997
300 ## - PHYSICAL DESCRIPTION
Extent viii, 152 p.
Other physical details ;
Dimensions 22 cm.
650 ## - SUBJECT ADDED ENTRY--TOPICAL TERM
Topical term or geographic name entry element Christianity -- China.
650 ## - SUBJECT ADDED ENTRY--TOPICAL TERM
Topical term or geographic name entry element Church and state -- China.
650 ## - SUBJECT ADDED ENTRY--TOPICAL TERM
Topical term or geographic name entry element Evangelistic work -- China.
700 ## - ADDED ENTRY--PERSONAL NAME
Personal name 邢福增
Holdings
Withdrawn status Lost status Damaged status Not for loan Home library Current library Shelving location Date acquired Total Checkouts Full call number Barcode Date last seen Price effective from Koha item type
        GETS Theological Seminary Library GETS Theological Seminary Library General Stacks 09/01/2020   BR1288 .L532 1997 00014012 09/01/2020 09/01/2020 Chinese Book
OpacCredits

Contact the Librarian, GETS Library
Email: library@mygets.org









Implemented by GETS Library
(Powered by ETCA Professional Group)
GETS Theological Seminary
412 E. Rowland Street, CA 91723